| 000 | 00363 a2200085 4500 | ||
|---|---|---|---|
| 999 |
_c21189 _d21189 |
||
| 003 | WA 310 | ||
| 005 | 20211129123253.0 | ||
| 008 | 190812s2002 pl f |000 0 pol d | ||
| 020 | _a8323677379 | ||
| 040 |
_aWA 310 _cWA 310 |
||
| 245 | 0 | 0 |
_aŚwiatłowodowe złącza i elementy bierne Podstawowe procedury badań - i pomiarów Część 2-4: Badania Siła utrzymywania światłowodu/kabla PN-EN 61300-2-4:2002P / _cNKP nr 282. |
| 246 | 1 | 3 | _aPN-EN 61300-2-4 |
| 260 |
_aWarszawa : _bNKP nr 282, _c2002. |
||
| 300 |
_a5 stron ; _c30 cm. |
||
| 336 |
_aTekst _btxt _2rdacontent |
||
| 337 |
_bn _2rdamedia _aBez urządzenia pośredniczącego |
||
| 338 |
_aWolumin _bnc _2rdacarrier |
||
| 590 | _aNorma wycofana ; Zastąpiona przez PN-EN IEC 61300-2-4:2019-04 wersja angielska. | ||
| 920 | _a83-236-7737-9 | ||
| 942 |
_2ddc _cBK |
||